La loutre - Statistiques

Statistiques générales
  • Ce quiz a été pris 26 fois
    25 depuis la dernière actualisation
  • Le résultat moyen est 3 sur 14
Statistiques - réponses
Hint Réponse % Correct
Quelle est l'espérance de vie d'une loutre dans son milieu naturel au maximum ? 10 ans
69%
Quelle est l'espérance de vie d'une loutre en captivité ? 20 ans
69%
Quelle masse de nourriture mange une loutre chaque jour ? 1 kg/1kg
31%
Que mange une loutre à part des poissons ? batraciens/crustacés/oiseaux
25%
Pour ceux qui ont la ref : qui est fan de loutre ? Mathilde
25%
Comment les loutres font elles pour ne pas s'éloigner à cause du courant de l'eau pendant la nuit ? Elles se tiennent la patte
19%
Quel est le pays qui abrite le plus de loutres en Europe ? Hongrie
19%
A quelle sous famille la loutre appartient elle ? Lutrinae
19%
Pour quelle raison la loutre a-t-elle longtemps été chassée ? Sa peau
19%
A quelle date tombe généralement le jour de la loutre ? 12 aout
6%
Dans quelle ville d'Irlande peut on faire le otter trail ? Cork
6%
De quel lieu en Californie la loutre est elle le symbole ? Monterey Bay
6%
A quelle famille la loutre appartient elle ? Mustelidae
6%
Où se situe les petites poches qui permettent à la loutre de mettre des cailloux qui servent à ouvrir des moules ? Sous les pates avant
6%
Aucun quiz correspondant
Distribution des résultats
% des personnes avec chaque résultat
Percentile par nombre de réponses
Votre historique - résultats
Vous n’avez pas pris ce quiz depuis la dernière actualisation